000 00758nam a2200253Ia 4500
003 OSt
005 20220930093625.0
006 a|||||r|||| 00| 0
007 ta
008 220926b |||||||| |||| 00| 0 eng d
024 _a43965
037 _cTheses
040 _aCRL
_cCRL
_beng
041 _2eng
_aeng
100 _aBhat Tasleema Au.
_9552699
110 _aUnivrsity of Delhi. Faculty of Arts. Department of Urdu
_9552700
245 0 _aHali aur iqbal taqabuli motala
260 _c2016
300 _a245p.
_ap.
_ccm.
700 _a Dr. Abbu Bakar Abbad Gu.
_9552701
700 _aUnivrsity of Delhi. Faculty of Arts. Department of Urdu
_9552702
942 _cDIS
_2CC
999 _c885701
_d885701